| 000 | 02177cam a22005414i 4500 | ||
|---|---|---|---|
| 003 | PE-LiUPU | ||
| 005 | 20250731184606.0 | ||
| 008 | 150616s r 000 0 d | ||
| 020 | _a0943575990 | ||
| 035 | _a(Sirsi) i9780943575995 | ||
| 040 |
_aPE-LiUPU _bspa _cPE-LiUPU _erda |
||
| 049 | _aPRUA | ||
| 082 | 0 | 4 |
_a933.05092 _bM27 _221 |
| 100 | 1 |
_aMason, Steve, _eautor. |
|
| 245 | 1 | 0 |
_aJosephus and the New Testament / _cSteve Mason. |
| 264 | 1 |
_aMassachusetts : _bHendrickson Publishers, _c1993. |
|
| 300 |
_a248 páginas ; _c21 centímetros |
||
| 336 |
_atext _2rdacontent |
||
| 337 |
_aunmediated _2rdamedia |
||
| 338 |
_avolume _2rdacarrier |
||
| 505 | 0 | _aThe use and abuse of Josephus -- The career of Josephus -- The writing of Josephus -- Who's who in the New Testament world? -- Early Christian figures mentioned by Josephus -- Josephus and Luke-Acts Josephus Christian figures. | |
| 526 | _aP136 | ||
| 526 | _aP135 | ||
| 526 | _aP134 | ||
| 526 | _aP133 | ||
| 526 | _aP144 | ||
| 526 | _aP143 | ||
| 526 | _aP87 | ||
| 526 | _aP35 | ||
| 526 | _aP20 | ||
| 526 | _aP14 | ||
| 526 | _aP10 | ||
| 526 | _aP06 | ||
| 600 | 1 |
_aJosefo, Flavio, _d37 - c. 100 dC |
|
| 630 |
_aBiblia. _pN.T. _vBiografía. |
||
| 630 |
_aBiblia. _pN.T. _xCrítica, interpretación, etc. |
||
| 650 | 0 | 4 |
_aHistoriadores judíos _vBiografía. |
| 910 |
_ajck _bjvq _cjck |
||
| 942 |
_2ddc _cBOOK |
||
| 949 |
_a933.05092 M27 _wDEWEY _c1 _i47164 _lCCODEBUL1 _mBUL _r0 _sY _tBOOK _u2015-6-16 _xTEOLOGIA _zUNKNOWN _0COMPRA _o.STAFF. Colección General |
||
| 949 |
_a933.05092 M27 _wDEWEY _c2 _i40331 _lCCODEBUL1 _mBUL _r0 _sY _tBOOK _u2015-6-16 _xTEOLOGIA _zUNKNOWN _0COMPRA _o.STAFF. Colección General |
||
| 994 |
_aC0 _bPEPRU |
||
| 596 | _a1 | ||
| 999 |
_a933.05092 M27 _wDEWEY _c58134 _i47164 _f2021-11-11 _g5 _lCCODEBUL1 _mBUL _r0 _sY _tBOOK _u2015-6-16 _xTEOLOGIA _zUNKNOWN _0COMPRA _o.STAFF. Colección General _d58134 |
||
| 999 |
_a933.05092 M27 _wDEWEY _c2 _i40331 _f2021-11-11 _g5 _lCCODEBUL1 _mBUL _r0 _sY _tBOOK _u2015-6-16 _xTEOLOGIA _zUNKNOWN _0COMPRA _o.STAFF. Colección General |
||
| 980 |
_81 _gALBERTO SANCHEZ Responsable de Automatización |
||